標高500m以上の日本の島 - Statistics

General Stats
  • This quiz has been taken 47 times
  • The average score is 26 of 42
Answer Stats
島名 標高 最高峰 % Correct
利尻島 1721m 利尻山
100%
佐渡島 1172m 金北山
100%
本州 3776m 富士山<剣ヶ峯>
97%
北海道 2291m 大雪山<旭岳>
97%
四国 1982m 石鎚山<天狗岳>
97%
九州 1791m くじゅう連山<中岳>
97%
奄美大島 694m 湯湾岳
95%
屋久島 1936m 宮之浦岳
92%
沖縄島 503m 与那覇岳
92%
厳島 535m 弥山
89%
渡島大島 732m 江良岳
87%
対馬 648m 矢立山
87%
三宅島 775m 雄山
84%
大島 758m 三原山<三原新山>
84%
八丈小島 617m 大平山
84%
淡路島 608m 諭鶴羽山
84%
利島 508m 宮塚山
82%
八丈島 854m 西山
79%
石垣島 526m 於茂登岳
79%
択捉島 1629m 西単冠山
76%
国後島 1772m 爺爺岳
74%
奥尻島 584m 神威山
74%
小豆島 817m 嶮岨山<星ヶ城山>
68%
神津島 572m 天上山
66%
硫黄島 704m 硫黄岳
63%
天草上島 682m 倉岳
58%
御蔵島 851m 御山
55%
天草下島 538m 天竺
53%
屋代島 691m 嘉納山
37%
徳之島 645m 井之川岳
37%
悪石島 584m 御岳
37%
島後 608m 大満寺山
32%
江田島・能美島 542m 野登呂山
32%
南硫黄島 916m
26%
口之島 628m 前岳
26%
口永良部島 657m 古岳
21%
平戸島 530m 安満岳
21%
諏訪之瀬島 799m 御岳
18%
中之島 979m 御岳
16%
北硫黄島 792m 榊ヶ峰
16%
下甑島 604m 尾岳
16%
黒島 621m 櫓岳
8%
No matching quizzes found
Score Distribution
Percent of People with Each Score
Percentile by Number Answered
Your Score History
You have not taken this quiz